000 00604nam a2200205 a 4500
001 19284
003 CO-ViMGA
008 141112s2004 ck r 000 u spa d
020 _a8420636843
040 _aCO-ViMGA
_bspa
_cCO-ViMGA
082 0 4 _a882.3 E874
100 1 _aEuripides; 480 - 406 a. de J.C.,
_927697
245 1 0 _aAlcestis, Medea, Hipólito
260 _aMadrid :
_bAlianza; 2002
300 _a230 p.
490 _aEl libro de bolsillo; biblioteca temática, clásicos de Grecia y Roma
590 _aForma de adquisición : Premio Mincultura
650 1 4 _aTEATRO GRIEGO
942 _2ddc
_cBK
999 _c28443
_d28443